[Event "Zudov Memorial 10th"]
[Site "Nizhnij Tagil"]
[Date "2014.09.18"]
[Round "8"]
[White "Kolyadin, Alexander"]
[Black "Shishkin, Mikhail"]
[Result "1-0"]
[WhiteElo "1706"]
[BlackElo "1448"]
[PlyCount "71"]
[EventDate "2014.09.11"]
[EventType "swiss"]
[EventRounds "9"]
[EventCountry "RUS"]
[SourceTitle "CBM 162 Extra"]
[Source "ChessBase"]
[SourceDate "2014.10.17"]
[SourceVersion "1"]
[SourceVersionDate "2014.10.17"]
[SourceQuality "1"]

1. d4 d5 2. c4 Nf6 3. cxd5 Nxd5 4. e4 Nf6 5. Nc3 e6 6. a4 a5 7. Bb5+ c6 8. Be2 Bb4 9. Nf3 0-0 10. Bg5 Qc7 11. 0-0 h6 12. Be3 Bd7 13. Ne5 Be8 14. Bf4 Qe7 15. Bh5 Nbd7 16. Nxd7 Nxd7 17. e5 Nb6 18. Qg4 f5 19. exf6 Rxf6 20. Bxe8 Qxe8 21. Ne4 Rg6 22. Qe2 Nd5 23. Be5 Rd8 24. Kh1 Qf7 25. f4 Nf6 26. f5 exf5 27. Rxf5 Qe6 28. Raf1 Be7 29. Qf3 Qd5 30. Bxf6 Rxf6 31. Nxf6+ Bxf6 32. Rxd5 Rxd5 33. Rd1 Bxd4 34. b3 Bf6 35. Rxd5 cxd5 36. Qxd5+ 1-0